| 000 | 00981cam a2200313 a 4500 | ||
|---|---|---|---|
| 001 | 2107763 | ||
| 003 | PILC | ||
| 005 | 20150907081703.0 | ||
| 008 | 960808s1997 nyu 000 1 eng | ||
| 010 | _a 96034899 | ||
| 020 | _a0061095540 | ||
| 040 |
_aDLC _cDLC _dDLC _dOCoLC _dDLC |
||
| 043 | _an-us-ny | ||
| 050 | 0 | 0 |
_aPS 3557.O3857 _b.G624 1997 |
| 082 | 0 | 0 | _a813/.54 |
| 100 | 1 | _aGoldsmith, Olivia. | |
| 245 | 1 | 0 |
_aMarrying mom : _ba novel / _cOlivia Goldsmith. |
| 250 | _a1st edition. | ||
| 260 |
_aNew York : _bHarperCollins, _c1996. |
||
| 300 |
_a207 pages ; _c21 cm. |
||
| 650 | 0 |
_aOlder people _vFiction. |
|
| 651 | 0 |
_aNew York (N.Y.) _vFiction. |
|
| 655 | 7 |
_aDomestic fiction. _2lcsh |
|
| 655 | 7 |
_aHumorous stories. _2gsafd |
|
| 655 | 7 |
_aSatire. _2lcsh |
|
| 906 |
_a7 _bcbc _corignew _d1 _eocip _f19 _gy-gencatlg |
||
| 942 |
_2lcc _cBK _kFOR |
||
| 999 |
_c288617 _d288617 |
||